| 000 | 00492nam a2200133Ia 4500 | ||
|---|---|---|---|
| 008 | 150609s9999 xx 000 0 und d | ||
| 050 |
_aHF 5549.5 _b.L686 2015 |
||
| 100 | _aLezarda, Pauline Mairead. | ||
| 245 |
_aWork values profile of talon elementary school teachers/ _cPauline Mairead Lezarda. |
||
| 260 |
_aLas PiƱas, Philippines : _bSISC, _c2015. |
||
| 300 |
_a48 pages: _billustrations ; _c28 cm. |
||
| 500 | _aIncludes bibliographical references and appendices. | ||
| 650 | _aWork values | ||
| 999 |
_c285047 _d285047 |
||